000 00367nam a2200169Ia 4500
003 0100
008 130307s9999 xx 000 0 und d
040 _cARRUPELIB
050 _aPA2087.B31918
100 _aBennett, Charles Edwin
245 _aNew Latin grammar
260 _aBoston
260 _bAllyn Bacon
260 _c1918
300 _a287p
942 0 0 _01
999 _c89110
_d89110